Schaum's outline of theory and problems of computer graphics (Record no. 8113)

000 -LEADER
fixed length control field 00572nam a22002057a 4500
001 - CONTROL NUMBER
control field 8113
003 - CONTROL NUMBER IDENTIFIER
control field BD-DhUET
008 - FIXED-LENGTH DATA ELEMENTS--GENERAL INFORMATION
fixed length control field 150118b xxu||||| |||| 00| 0 eng d
020 ## - INTERNATIONAL STANDARD BOOK NUMBER
International Standard Book Number 0070991537
040 ## - CATALOGING SOURCE
Original cataloging agency DLC
Transcribing agency DLC
Modifying agency BD-DhUET
082 ## - DEWEY DECIMAL CLASSIFICATION NUMBER
Classification number 001.6443
Item number PLA/1996
100 ## - MAIN ENTRY--PERSONAL NAME
Personal name Plastock, Roy A.
245 ## - TITLE STATEMENT
Title Schaum's outline of theory and problems of computer graphics
Statement of responsibility, etc. by Plastock, Roy A
250 ## - EDITION STATEMENT
Edition statement Ist. ed.
260 ## - PUBLICATION, DISTRIBUTION, ETC. (IMPRINT)
Place of publication, distribution, etc. New york
Name of publisher, distributor, etc. McGraw-Hill
Date of publication, distribution, etc. 1986
300 ## - PHYSICAL DESCRIPTION
Extent viii,340p.
Other physical details ill.
650 #0 - SUBJECT ADDED ENTRY--TOPICAL TERM
Topical term or geographic name as entry element Computer graphics, computer
700 ## - ADDED ENTRY--PERSONAL NAME
Personal name Kalley, Gordon
942 ## - ADDED ENTRY ELEMENTS (KOHA)
Koha item type General Book
Holdings
Price effective from Withdrawn status Sublocation or collection (holding branch) Copy number Source of classification or shelving scheme Piece designation (barcode) Location (home branch) Koha date last borrowed Shelving location Lost status Damaged status Koha normalized classification for sorting Date acquired Koha item type Koha issues (times borrowed) Koha date last seen Koha full call number Not for loan
2015-01-18 Central Library, BUET1 91018Central Library, BUET Circulation section  001_644300000000000_PLA_19962015-01-18General Book 2016-01-05001.6443/PLA/1996 
2015-01-18 Central Library, BUET2 91021Central Library, BUET Circulation section  001_644300000000000_PLA_19962015-01-18General Book 2015-01-18001.6443/PLA/1996 
2015-01-18 Central Library, BUET3 91010Central Library, BUET2019-02-24Circulation section  001_644300000000000_PLA_19962015-01-18General Book12019-04-08001.6443/PLA/1996 
2015-01-18 Central Library, BUET4 91030Central Library, BUET2022-10-02Circulation section  001_644300000000000_PLA_19962015-01-18General Book12022-10-10001.6443/PLA/1996 
2015-01-18 Central Library, BUET5 91022Central Library, BUET Circulation section  001_644300000000000_PLA_19962015-01-18General Book 2015-01-18001.6443 PLA/1996 
2015-06-06 Central Library, BUET6 91008Central Library, BUET Reading section  001_644300000000000_PLA_19962015-06-06Reading Item 2015-06-06001.6443/PLA/1996 
2015-06-06 Central Library, BUET7 91009Central Library, BUET Reading section  001_644300000000000_PLA_19962015-06-06General Book 2015-06-06001.6443/PLA/1996